000 02227cam a22005894i 4500
003 PE-LiUPU
005 20250731165508.0
008 170817s1996 au a rb 000 0 spa d
020 _a8489427771
020 _a9788489427778
035 _a(Sirsi) a238323
040 _aPE-LiUPU
_bspa
_cPE-LiUPU
_erda
041 1 _aspa
_heng
049 _aPRUA
082 0 4 _a022
_bJV63
_220
100 1 _aVidulli, Paola.
_eautor.
245 1 0 _aDiseño de bibliotecas :
_bguia para planificar y proyectar bibliotecas publicas /
_cPaola Vidulli.
264 1 _aGijon :
_bTrea,
_c1996.
300 _a295 páginas :
_bilustraciones ;
_c23centimetros
336 _atext
_2rdacontent
337 _aunmediated
_2rdamedia
338 _avolume
_2rdacarrier
490 0 _aColección Biblioteconomía y Administración Cultural
504 _aBibliografía : páginas 292-295
505 0 _a¿Qué biblioteca? -- Método, instrumentos y fases del proyecto -- Programación del servicio y planificación del espacio -- El mobiliario -- Restauración y rehabilitación de edificios
526 _aSEG44
526 _aSEG26
526 _aP151
526 _aP150
526 _aP149
526 _aP146
526 _aP145
526 _aP126
526 _aP125
526 _aP92
526 _aP75
526 _aP74
526 _aP27
526 _aP15
534 _aTítulo original :
_tTechniques for Surface Design.
650 0 4 _aEdificios de bibliotecas.
650 0 4 _aAdministración de bibliotecas.
650 0 4 _aBibliotecas publicas.
700 1 _aLlano Caelles, Xilberto.
910 _ajck
_bjvq
_cksl
_d20170817
942 _2ddc
_cBOOK
949 _a022 V63
_wDEWEY
_c1
_i76851
_lCATALOGING
_mBUL
_p69.00
_r0
_sY
_tBOOK
_u2017-08-17
_xINGENIERIA
_PP06
_0COMPRA
_o.CIRCNOTE. El documento es de alto precio.
_o.STAFF. Colección Ingeniería y Arquitectura
994 _aC0
_bPEPRU
596 _a1
999 _a022 V63
_wLC
_c25013
_i76851
_d25013
_e2018-10-5
_f2021-11-4
_g4
_lCCODEBUL1
_mBUL
_n1
_p69.00
_r0
_sY
_tBOOK
_u2017-8-17
_xBIBLIOTECA
_PP06
_0COMPRA
_o.STAFF. Colección Ingeniería y Arquitectura
980 _81
_gALBERTO SANCHEZ Responsable de Automatización